| 000 | 00000cam 2200000zi 4500 |
| 001 | 9.963304 |
| 003 | CaOODSP |
| 005 | 20260604090613 |
| 006 | m o d f |
| 007 | cr bn||||||||| |
| 008 | 260604e20260603onc ol f000 0 eng d |
| 040 | |aCaOODSP|beng|erda|cCaOODSP |
| 041 | 0 |aeng|afre |
| 043 | |an-cn--- |
| 086 | 1 |aXB451-281/1-PDF |
| 110 | 1 |aCanada. |bParliament. |bHouse of Commons, |eissuing body. |
| 245 | 13|aAn Act to amend the Textile Labelling Act and the Consumer Packaging and Labelling Act = |bLoi modifiant la Loi sur l'étiquetage des textiles et la Loi sur l'emballage et l'étiquetage des produits de consommation. |
| 246 | 11|aLoi modifiant la Loi sur l'étiquetage des textiles et la Loi sur l'emballage et l'étiquetage des produits de consommation |
| 264 | 1|a[Ottawa] : |bHouse of Commons of Canada = Chambre des communes du Canada, |cJune 3, 2026. |
| 300 | |a1 online resource (ii, 1 page). |
| 336 | |atext|btxt|2rdacontent |
| 337 | |acomputer|bc|2rdamedia |
| 338 | |aonline resource|bcr|2rdacarrier |
| 490 | 1 |aBill C-... ; |vBill C-281, 1st Session, 45th Parliament |
| 500 | |a"First Session, Forty-fifth Parliament, 3-4 Charles III, 2025-2026." |
| 500 | |a"First reading, June 3, 2026." |
| 500 | |a"Mr. Shipley." |
| 520 | |a"This enactment amends the Textile Labelling Act to provide that Canadian flags that are at least 20 centimetres in width and 30 centimetres in length and that are sold, imported into Canada or advertised must have applied to them a label indicating their country of origin. It also amends the Consumer Packaging and Labelling Act to provide that the packaging of such flags must also contain a label indicating the flags' country of origin"--Summary, page ii. |
| 546 | |aText in English and French. |
| 610 | 10|aCanada. |tTextile Labelling Act. |
| 610 | 10|aCanada. |tConsumer Packaging and Labelling Act. |
| 650 | 0|aFlags|xLabeling|xLaw and legislation|zCanada. |
| 650 | 0|aLabels|xLaw and legislation|zCanada. |
| 655 | 7|aLegislative bills|2lcgft |
| 788 | |tAn Act to amend the Textile Labelling Act and the Consumer Packaging and Labelling Act = |efre|w(CaOODSP)9.963305 |
| 830 | #0|aBill C-...|vBill C-281, 1st Session, 45th Parliament.|w(CaOODSP)9.500659 |
| 856 | 40|qPDF|s114 KB|uhttps://publications.gc.ca/collections/collection_2026/parl/XB451-281-1.pdf |
| 856 | 4 |qHTML|sN/A|uhttps://www.parl.ca/documentviewer/en/45-1/bill/C-281/first-reading |
| 986 | |a451162 |